Movies Quiz

Random Movies or Quote Quiz

1 to 10 AFI Movie Quotes II Quiz Stats

 Plays Quiz Updated Oct 22, 2017

Challenge
Share
Tweet
Embed
Score 0/55 Timer 08:00
5 Plays Today
Hint Answer % Correct
Apocalypse NowI
98.9%
Apollo 13a
98.2%
PsychoA
98.2%
The Terminatorbe
97.1%
The TerminatorI'll
96.6%
The Wizard of OzI'll
96.6%
The Terminatorback
96.6%
Scarfaceto
95.9%
Love Storyto
95.9%
Apocalypse Nowthe
95.1%
Apocalypse Nowthe
95.1%
Apollo 13we
95.1%
Scarfacemy
94.6%
The Wizard of Ozmy
94.6%
ScarfaceSay
94.5%
Love Storysay
94.5%
Apollo 13have
94.2%
Scarfacefriend
94.2%
Psychofriend
94.2%
Scarfacehello
94%
Scarfacelittle
94%
The Wizard of Ozlittle
94%
Apollo 13problem
93.8%
Apollo 13Houston
93.5%
The Wizard of Ozyou
91.4%
Love StoryLove
90.8%
Apocalypse Nowlove
90.8%
Apocalypse Nowin
90%
Hint Answer % Correct
Apocalypse Nowof
89.8%
Apocalypse Nowsmell
88.5%
Apocalypse Nowmorning
88.4%
Psychois
87.6%
Apocalypse Nownapalm
87.3%
The Wizard of Ozyour
86.3%
Psychomother
83.7%
The Wizard of Ozdog
83.7%
The Wizard of Ozand
82.9%
Psychohis
81.8%
The Wizard of Oztoo
81.7%
Psychobest
81.3%
The Wizard of Ozget
80.9%
Psychoboy's
80%
FrankensteinIt's
79.9%
FrankensteinIt's
79.9%
Frankensteinalive
79.7%
Frankensteinalive
79.7%
The Wizard of Ozpretty
78.1%
Love Storynever
75.8%
Love Storysorry
75.3%
Love Storyyou're
74.5%
Love Storyhaving
74.1%
Poltergeisthere
73.8%
Love Storymeans
72.3%
PoltergeistThey're
71.5%
The GraduatePlastics
49.9%

You're not logged in!

Compare scores with friends on all Sporcle quizzes.
OR
Log In

You Might Also Like...

Show Comments

Extras

Top Quizzes Today


Score Distribution

Your Account Isn't Verified!

In order to create a playlist on Sporcle, you need to verify the email address you used during registration. Go to your Sporcle Settings to finish the process.

Report this User

Report this user for behavior that violates our Community Guidelines.

Details: